| 000 | 00614 a2200205 4500 | ||
|---|---|---|---|
| 260 | _aROME | ||
| 100 | _aMILLER,M.G. | ||
| 260 | _bFAO | ||
| 300 | _aX-183p. | ||
| 440 | _v14/13 | ||
| 245 | _aManuels sur le contrôle de la qualité des produits alimentaires.13.analyse des résidus de pesticides dans les laboratoires de contrôle de la qualité des aliments. | ||
| 260 | _c1995 | ||
| 130 | _lFr | ||
| 440 | _aAlimentation et nutrition 14/13 | ||
| 690 | _atechnique de préparation%méthode d'extration%néttoyage. | ||
| 020 | _a92-5-203269-X | ||
| 440 | _x1014-2908 | ||
| 999 |
_c25614 _d25614 |
||